000
00230nam a22001097a 4500
082
_a
620.46 ILY'R
100
_a
ILYIN, V
_9
79038
245
_a
REMOTE CONTROL SYTEMS
260
_a
MOSCOW
_b
MIR
_c
1973
300
_a
354P
942
_c
BK
999
_c
584110
_d
584110